|
|
|
|
| LEADER |
01761nam a2200409 i 4500 |
| 001 |
EBC6695126 |
| 003 |
MiAaPQ |
| 005 |
20220425132343.0 |
| 006 |
m o d | |
| 007 |
cr cnu|||||||| |
| 008 |
220425s2016 gw a ob 000 0 eng d |
| 020 |
|
|
|z 9783837637335
|q (print)
|
| 020 |
|
|
|a 9783839437339
|q (electronic bk.)
|
| 035 |
|
|
|a (MiAaPQ)EBC6695126
|
| 035 |
|
|
|a (Au-PeEL)EBL6695126
|
| 035 |
|
|
|a (OCoLC)967523375
|
| 040 |
|
|
|a MiAaPQ
|b eng
|e rda
|e pn
|c MiAaPQ
|d MiAaPQ
|
| 050 |
|
4 |
|a HD4871
|b .B663 2016
|
| 082 |
0 |
|
|a 331.1173
|2 23
|
| 245 |
0 |
0 |
|a Bonded labour :
|b global and comparative perspectives (18th-21st century) /
|c edited by Sabine Damir-Geilsdorf [and four others].
|
| 264 |
|
1 |
|a Bielefeld, Germany :
|b Transcript,
|c [2016]
|
| 264 |
|
4 |
|c Ã2016
|
| 300 |
|
|
|a 1 online resource (233 pages) :
|b illustrations
|
| 336 |
|
|
|a text
|b txt
|2 rdacontent
|
| 337 |
|
|
|a computer
|b c
|2 rdamedia
|
| 338 |
|
|
|a online resource
|b cr
|2 rdacarrier
|
| 504 |
|
|
|a Includes bibliographical references.
|
| 588 |
|
|
|a Description based on print version record.
|
| 590 |
|
|
|a Electronic reproduction. Ann Arbor, MI : ProQuest, 2018. Available via World Wide Web. Access may be limited to ProQuest affiliated libraries.
|
| 650 |
|
0 |
|a Slave labor
|x History
|v Congresses.
|
| 650 |
|
0 |
|a Forced labor
|x History
|v Congresses.
|
| 650 |
|
0 |
|a Peonage
|x History
|v Congresses.
|
| 655 |
|
4 |
|a Electronic books.
|
| 700 |
1 |
|
|a Damir-Geilsdorf, Sabine,
|e editor.
|
| 776 |
0 |
8 |
|i Print version:
|t Bonded labour : global and comparative perspectives (18th-21st century).
|d Bielefeld, Germany : Transcript, c2016
|h 233 pages
|z 9783837637335
|w (DLC) 2019666873
|
| 797 |
2 |
|
|a ProQuest (Firm)
|
| 856 |
4 |
0 |
|u https://ebookcentral.proquest.com/lib/matrademy/detail.action?docID=6695126
|z Click to View
|